Falsarios y críticos: creatividad e impostura en la tradición occidental
保存先:
| 第一著者: | |
|---|---|
| フォーマット: | 図書 |
| 言語: | スペイン語 |
| 出版事項: |
Barcelona
Crítica
2001
|
| シリーズ: | Crítica Letras de Humanidad
|
| 主題: | |
| タグ: |
タグ追加
タグなし, このレコードへの初めてのタグを付けませんか!
|
MARC
| LEADER | 00000nam a2200000 a 4500 | ||
|---|---|---|---|
| 001 | UCH1424 | ||
| 003 | CL-VaPUC | ||
| 008 | 090427e20010000SP |||||||||||||||||spa|d | ||
| 020 | |a 848432267X | ||
| 082 | 0 | 4 | |a 364.163 |b GRA |2 21 |
| 100 | |a Grafton, Anthony |e author |9 596041 | ||
| 245 | 1 | 0 | |a Falsarios y críticos: creatividad e impostura en la tradición occidental |
| 300 | |a 161 p | ||
| 942 | |c BK | ||
| 945 | |d 20090427 00:00:00 |a rbrito | ||
| 260 | |a Barcelona |b Crítica |c 2001 | ||
| 650 | 0 | |a Falsificación de documentos |9 498876 | |
| 650 | 7 | |a FALSIFICACION DE LIBROS |2 CL-VaPUC |9 535908 | |
| 650 | 7 | |a DELITOS CONTRA LA PROPIEDAD INTELECTUAL |2 CL-VaPUC |9 535909 | |
| 583 | |a last modification |c 20090427 00:00:00 |k Rodrigo Vera | ||
| 490 | 0 | |a Crítica Letras de Humanidad | |
| 999 | |c 333463 |d 333461 | ||
| 952 | |0 0 |1 0 |4 0 |6 364_163000000000000_GRA_2001 |7 0 |8 A |9 421891 |a BIBHIS |b BIBHIS |d 2019-11-22 |i 4539362 |o 364.163 GRA 2001 |p 4539362 |r 2025-01-20 |w 2019-11-22 |y BK |k HIS | ||